| 000 | 00810cam a2200217 4500 | ||
|---|---|---|---|
| 001 | WB3713-02 | ||
| 008 | 000000n2001 000 0 eng u | ||
| 035 | _a(Sirsi) u111706 | ||
| 245 | _aRetreat over car parking limits | ||
| 260 | _c2001 | ||
| 490 |
_aFinancial Times _v 28 March 2001, 3(1) |
||
| 520 | _aThe Planning minister is to rethink planned restrictions on the number of car parking spaces which can be included in commercial development. The CBI and trade unions had opposed the plans which would have included restrictions on supermarket parking space. | ||
| 590 | _aWB | ||
| 650 | _aCAR PARKING | ||
| 650 | _aCOMMERCIAL DEVELOPMENT | ||
| 650 | _aRETAIL DEVELOPMENT | ||
| 650 | _aOFFICE DEVELOPMENT | ||
| 650 | _aPLANNING POLICY | ||
| 690 | _aPROPERTY-COMMERCIAL PROPERTY | ||
| 942 | _n0 | ||
| 999 |
_c66550 _d66550 |
||